Bệnh của vịt và biện pháp phòng trị

Đã lưu trong:
Sonraí Bibleagrafaíochta
Príomhúdar: Nguyễn Xuân Bình
Formáid: Leabhar
Teanga:Undetermined
Foilsithe: H. Nông Nghiệp 2002
Ábhair:
Clibeanna: Cuir Clib Leis
Gan Chlibeanna, Bí ar an gcéad duine leis an taifead seo a chlibeáil!
Thư viện lưu trữ: Trung tâm Học liệu Trường Đại học Cần Thơ
LEADER 00555nam a2200205Ia 4500
001 CTU_58614
008 210402s9999 xx 000 0 und d
020 |b 7500 
082 |a 636.5089 
082 |b B312 
100 |a Nguyễn Xuân Bình 
245 0 |a Bệnh của vịt và biện pháp phòng trị 
245 0 |c Nguyễn Xuân Bình 
260 |a H. 
260 |b Nông Nghiệp 
260 |c 2002 
650 |a poultry,ducks 
650 |x diseases 
904 |i Minh 
980 |a Trung tâm Học liệu Trường Đại học Cần Thơ